| 000 | 02207nam a22004817a 4500 | ||
|---|---|---|---|
| 003 | CHAP | ||
| 005 | 20220329140617.0 | ||
| 008 | 971013s r 00010 d | ||
| 010 | _a54709 | ||
| 011 | _a55681 | ||
| 035 | _a59833 | ||
| 040 | _cCHAP | ||
| 082 |
_a332.71 _bA3 |
||
| 110 |
_aAgencia para el Desarrollo Internacional _91116 |
||
| 245 | _aA.I.D. spring review of small farmer credit | ||
| 260 |
_aWashington : _bADI, _c19 - |
||
| 300 | _av. | ||
| 500 | _aLa biblioteca tiene : v.1, v.9-20 | ||
| 590 |
_aBATCH-UPD _b10 _c20130110 _lUCH01 _h1845 |
||
| 590 |
_aBATCH-UPD _b10 _c20130410 _lUCH01 _h1215 |
||
| 590 |
_aBATCH-UPD _b10 _c20130914 _lUCH01 _h1101 |
||
| 590 |
_aCONVERSION _b10 _c20130109 _lUCH01 _h1330 |
||
| 650 | 1 | 4 |
_aCrédito agrícola _xPaíses subdesarrollados. _929072 |
| 650 | 1 | 4 |
_aCrédito agrícola _zMéxico. _929089 |
| 901 | _aBK | ||
| 942 | _cLIBRO | ||
| 949 |
_a332.71 A3 _bBC _cLIBRO _d33724000327060 _eLIBRO _fv.1 _h41041 _i59833 _si |
||
| 949 |
_a332.71 A3 _bBC _cLIBRO _d33724000327078 _eLIBRO _fv.1 c.2 _h41042 _i59833 _si |
||
| 949 |
_a332.71 A3 _bBC _cLIBRO _d33724000327086 _eLIBRO _fv.1 c.3 _h41376 _i59833 _si |
||
| 949 |
_a332.71 A3 _bBC _cLIBRO _d33724000327094 _eLIBRO _fv.7 _h41043 _i59833 _si |
||
| 949 |
_a332.71 A3 _bBC _cLIBRO _d33724000327102 _eLIBRO _fv.9 _h41044 _i59833 _si |
||
| 949 |
_a332.71 A3 _bBC _cLIBRO _d33724000327110 _eLIBRO _fv.10 _h41045 _i59833 _si |
||
| 949 |
_a332.71 A3 _bBC _cLIBRO _d33724000327128 _eLIBRO _fv.11 _h41046 _i59833 _si |
||
| 949 |
_a332.71 A3 _bBC _cLIBRO _d33724000327136 _eLIBRO _fv.12 _h41047 _i59833 _si |
||
| 949 |
_a332.71 A3 _bBC _cLIBRO _d33724000327144 _eLIBRO _fv.13 _h41048 _i59833 _si |
||
| 949 |
_a332.71 A3 _bBC _cLIBRO _d33724000327151 _eLIBRO _fv.14 _h41049 _i59833 _si |
||
| 949 |
_a332.71 A3 _bBC _cLIBRO _d33724000327169 _eLIBRO _fv.15 _h41050 _i59833 _si |
||
| 949 |
_a332.71 A3 _bBC _cLIBRO _d33724000327177 _eLIBRO _fv.16 _h41051 _i59833 _si |
||
| 949 |
_a332.71 A3 _bBC _cLIBRO _d33724000327185 _eLIBRO _fv.17 _h41052 _i59833 _si |
||
| 949 |
_a332.71 A3 _bBC _cLIBRO _d33724000327193 _eLIBRO _fv.18 _h41053 _i59833 _si |
||
| 949 |
_a332.71 A3 _bBC _cLIBRO _d33724000327201 _eLIBRO _fv.19 _h41054 _i59833 _si |
||
| 949 |
_a332.71 A3 _bBC _cLIBRO _d33724000327219 _eLIBRO _fv.20 _h41055 _i59833 _si |
||
| 999 |
_c54709 _d54709 |
||